[Event "Sitges Sunway op-B 2nd"]
[Site "Sitges"]
[Date "2015.12.14"]
[Round "3"]
[White "Mateus, Domingos"]
[Black "Bosch Romay, Jaume"]
[Result "1-0"]
[WhiteElo "1797"]
[BlackElo "1895"]
[PlyCount "61"]
[EventDate "2015.12.13"]
[EventType "swiss"]
[EventRounds "9"]
[EventCountry "ESP"]
[SourceTitle "CBM 170 Extra"]
[Source "ChessBase"]
[SourceDate "2016.02.25"]
[SourceVersion "1"]
[SourceVersionDate "2016.02.25"]
[SourceQuality "1"]

1. e4 d6 2. d4 Nf6 3. Bd3 g6 4. Nf3 Bg7 5. h3 c6 6. c3 Qc7 7. Bf4 Nbd7 8. 0-0 e5 9. Bh2 0-0 10. Nbd2 Nh5 11. Bc2 Nf4 12. Nb3 Nf6 13. Bxf4 exf4 14. Qd2 Nh5 15. Rfe1 Re8 16. Nc1 Qe7 17. Nd3 g5 18. e5 d5 19. Nc5 b6 20. Qd3 h6 21. Nb3 Be6 22. Nh2 Qd7 23. Qf3 Nf6 24. exf6 Bxf6 25. Ng4 Bg7 26. Ne5 Qc7 27. Qd3 Kf8 28. Qh7 a5 29. Ng4 Bxg4 30. hxg4 a4 31. Nd2 1-0